Παράγωγος συναρτήσεων μιας μεταβλητής

Αποθηκεύτηκε σε:
Λεπτομέρειες βιβλιογραφικής εγγραφής
Κύριος συγγραφέας: Γκαρούτσος, Γιάννης Β.
Μορφή: Βιβλίο
Γλώσσα:Greek
Δημοσίευση: Αθήνα : SPIN, [2008]
Θέματα:
Ετικέτες: Προσθήκη ετικέτας
Δεν υπάρχουν, Καταχωρήστε ετικέτα πρώτοι!

MARC

LEADER 00000cam a2200000 i 4500
001 1/64657
008 150122s2008 gr | ||| |||| ||gre||
020 |a 9608250471 
035 |l 10120624 
040 |a GR-MyUa  |b gre  |e AACR2 
041 0 |a gre 
082 7 |a 515.83   |2 (23) 
100 1 |a Γκαρούτσος, Γιάννης Β. 
245 1 0 |a Παράγωγος συναρτήσεων μιας μεταβλητής /   |c Γιάννης Β. Γκαρούτσος. 
260 |a Αθήνα :   |b SPIN,   |c [2008] 
300 |a 299 σ. ;   |c 24 εκ. 
650 0 |a Functions of real variables. 
852 |a INST  |b SYROS  |e 20150122  |h 515.83 ΓΚΑ  |p 005500012208  |q 005500012208  |t BK  |y 0 
901 |a BIBL5-2015-1 
970 |a Κοντού  |b Παρασκευή  |z 22/01/2015